Sostenibilidad fiscal en la región andina : (Registro nro. 4826)

Detalles MARC
000 -CABECERA
Campo de control 00794nam a2200241 a 4500
005 - FECHA Y HORA DE LA ULTIMA TRANSACCION
Campo de control 20160212194431.0
008 - ELEMENTOS DE LONGITUD FIJA—INFORMACION GENERAL
Campo de control 140317s2004 ve d fr|||| 000 0 spa d
020 ## - ISBN
ISBN 9801207671
040 ## - FUENTE DE CATALOGACIÓN
Agencia catalogadora original CO-BoIAVH
Agencia transcriptora CO-BoIAVH
041 0# - IDIOMA
Código de idioma para texto/pista de sonido o título separado Español
044 ## - PAÍS DE PUBLICACIÓN
País de publicación Venezuela
082 04 - NUMERO DE CLASIFICACION DECIMAL DEWEY
Número de clasificación 339.52
Número del ítem C82s
110 2# - ASIENTO PRINCIPAL--NOMBRE CORPORATIVO
Unidad subordinad Corporación Andina de Fomento
9 (RLIN) 21946
245 10 - MENCION DE TITULO
Título Sostenibilidad fiscal en la región andina :
Parte restante del título políticas e instituciones
260 ## - PUBLICACION, DISTRIBUCION, ETC. (PIE DE IMPRENTA)
Lugar de publicación, distribución, etc. Caracas :
Nombre del editor, distribuidor, etc. Corporación Andina de Fomento,
Fecha de publicación, distribución, etc. 2004.
300 ## - DESCRIPCION FISICA
Extensión 386 páginas :
Otros detalles físicos Gráficos ;
Dimensiones 23 x 17 cm.
650 16 - ASIENTO SECUNDARIO DE MATERIA - TERMINO TEMATICO
Término temático o nombre geográfico como elemento de entrada Política fiscal
9 (RLIN) 59272
650 26 - ASIENTO SECUNDARIO DE MATERIA - TERMINO TEMATICO
Término temático o nombre geográfico como elemento de entrada Macroeconomía
Subdivisión general Política
9 (RLIN) 59273
700 1# - ASIENTO SECUNDARIO - NOMBRE PERSONAL
Nombre personal Jaramillo, Fidel
Término de relación Editor
9 (RLIN) 22241
700 1# - ASIENTO SECUNDARIO - NOMBRE PERSONAL
Nombre personal Castilla , Miguel
Término de relación Editor
9 (RLIN) 22242
700 1# - ASIENTO SECUNDARIO - NOMBRE PERSONAL
Nombre personal Manzano, Osmel
Término de relación Editor
9 (RLIN) 22243
942 ## - ELEMENTOS ADICIONALES (KOHA)
Tipo de ítem Libro
Sistema de clasificación Dewey Decimal Classification
Existencias
Withdrawn status Lost status Sistema de Clasificación Damaged status No para préstamo Colección Inventariado Ubicación Permanente Ubicación actual Fecha de adquisición Fuente de Valor Valor Total Checkouts Número topográfico Inventario / Código de Barras Date last seen Ejemplar Price effective from Forma de adquisición Tipo de material
    Dewey Decimal Classification     General Inventariado 2017 Bogotá Bogotá 17/11/2005 Instituto 25000.00   LB-339.52 C82s 022325 04/12/2012 Ej. 1 04/12/2012   Libro